|
|
|
|
| LEADER |
00000nam a2200000 4500 |
| 001 |
vtls012131578 |
| 003 |
SK-MaSNL |
| 005 |
20260301231142.0 |
| 008 |
220420s1567 gw f 010 0 lat |
| 015 |
|
|
|a SNBHFA
|
| 040 |
|
|
|a SNKHF
|b slo
|c SNKHF
|e rda
|
| 041 |
0 |
|
|a lat
|
| 044 |
|
|
|a gw
|c DE
|
| 072 |
|
7 |
|a 82-1/-8
|x Literatúra rôznych foriem a žánrov (o nej)
|2 konspekt
|
| 072 |
|
7 |
|a 82-1
|2 2011
|
| 100 |
1 |
|
|a Periander, Aegidius
|4 aut
|9 479600
|
| 245 |
1 |
0 |
|a Hortus Amorum tertius Illvstrivm Galliae Poetarvm FLoscvlis Et Arbustis consitus, in quibus ingeniorum styliq[ue] suauitates Gallici, lectoribus ob oculos ponentur, ab Aegidio Periandro in lucem missus. Adiecta Svnt In Eosdem, eiusdem Elogia, breui carmine comprehensa
|
| 264 |
|
3 |
|a Impressvm Francofvrti Ad Moenvm
|b Per Martinvm Lechlerumi
|c MDLXVII (1567)
|
| 264 |
|
3 |
|a Impressvm Francofvrti Ad Moenvm
|b impensis Sigismundi Feyerabend
|c MDLXVII (1567)
|
| 264 |
|
3 |
|a Impressvm Francofvrti Ad Moenvm
|b Simonis Huteri
|c MDLXVII (1567)
|
| 300 |
|
|
|a 102 listov, 1 nečíslovaný list
|c 8°
|
| 336 |
|
|
|a text
|b txt
|2 rdacontent
|
| 337 |
|
|
|a bez média
|b n
|2 rdamedia
|
| 338 |
|
|
|a zväzok
|b nc
|2 rdacarrier
|
| 500 |
|
|
|a Vinety, iniciálky na 2 riadky, kustody
|
| 501 |
|
|
|a Príväzok 1.k: PERIANDER, Aegidius. Hortus Amorum secundus. Francofvrti ad ad Moenum: per Martinum Lechlerum, impensis Sigismundi Feyrabend et Simonis Huteri, 1567. 8°.
|5 SNK ID 98321
|
| 510 |
4 |
|
|a VD 16
|c P/1381
|
| 546 |
|
|
|a Latinčina
|b Kurzíva
|
| 650 |
0 |
7 |
|a básne
|2 SNKPH
|9 1275
|
| 655 |
|
7 |
|a poézia
|2 SNKPH
|9 70555
|
| 700 |
1 |
|
|a Lechler, Martin
|4 prt
|9 479602
|
| 700 |
1 |
|
|a Feyerabend, Sigmund,
|d 1528-1590
|4 prt
|4 dto
|9 158368
|
| 700 |
1 |
|
|a Hüter, Simon,
|d 16. storočie
|4 prt
|9 91452
|
| 700 |
1 |
|
|a Hasius, Georgius
|4 hnr
|9 479603
|
| 710 |
0 |
|
|a Lechler, Martin (Frankfurt nad Mohanom, Nemecko),
|d 1564-1592
|4 prt
|9 52582
|
| 710 |
0 |
|
|a Feyerabend, Sigmund (Frankfurt nad Mohanom, Nemecko),
|d 1559-1590
|4 prt
|9 306714
|
| 710 |
0 |
|
|a Hüter, Simon (Frankfurt nad Mohanom, Nemecko)
|4 prt
|9 479604
|
| 752 |
|
|
|a Nemecko
|d Frankfurt nad Mohanom
|
| 852 |
|
|
|a snk
|h ID 98321/prív.1
|
| 958 |
|
|
|a DA
|
| 958 |
|
|
|a ONDV
|
| 999 |
|
|
|c 957331
|d 959261
|
| 952 |
|
|
|t Tlače 16. storočia
|a SNK
|b SNK
|c SNK_HF
|y PREZ
|7 0
|p 17A1399402
|o snkID 98321/prív.1
|i snk2009/22197
|8 3
|0 0
|1 0
|4 0
|d 2022-04-20
|l 0
|r 2026-02-24 10:08:07
|w 2026-02-24
|